000 00847nam a2200205 a 4500
001 BRCA_2093
005 20190320203651.0
008 110808s1990----mx-a---###---#000-0#spa-#
050 4 _aF1391.P8
_b.L43 34
_c1990
100 1 _aDávila Padilla, Agustín
_96357
245 1 0 _aVida del santo maestro don Fray Julián Garcés, primer obispo de Tlaxcala y carta que escribio a la santidad de Paulo III
_cAgustín Dávila Padilla.
260 _aPuebla, México
_bGobierno del Estado de Puebla : Secretaría de Cultura : Comisión Puebla V Centenario
_c1990
300 _a49 p.
_c21 cm.
440 0 _aLecturas Históricas de Puebla
_n34
_96358
600 1 4 _aGarcés, Fray Julián
_vBiografías
_96359
651 4 _aPuebla (México)
_xHistoria
_9409
651 4 _aPuebla (México)
_xVida social y costumbres
_9408
653 0 _aVida cotidiana
942 _2lcc
_cB
999 _c1850
_d1850